Arabic words/phrases 1 - Statistics

General Stats
  • This quiz has been taken 23 times
  • The average score is 4 of 30
Answer Stats
English Arabic % Correct
What? Shu
78%
Counry Balad
61%
How? Kiif
56%
Which Ay
22%
Who? Miin
22%
Right Yamiin
22%
Left Yasaar
22%
Why? Laysh
17%
It’s not Mish
17%
Glasses Naddara
17%
Close to Qariib
17%
Small Sghiir
17%
After Ba3d
11%
This is Hada / hadi
11%
Where? Wayn
11%
Map Khariita
6%
Continent Qaarra
6%
Table Tawila
6%
Capital 3asima
0%
Never 3bedehn
0%
Far away Ba3iid
0%
With joy and healing Bel hana w el shifa
0%
Here Hina
0%
South Iljanuub
0%
East Isharq
0%
Magazine Majalla
0%
Before Qabl
0%
Sometimes Sa3eht
0%
Good morning Sabakh al khair
0%
What is your nationality? Shu iljensiya
0%
No matching quizzes found
Score Distribution
Percent of People with Each Score
Percentile by Number Answered
Your Score History
You have not taken this quiz